Music Quiz

Random Music or Disney Quiz
Score 0/130 Timer 03:00
0 Plays Today
Lyrics % Correct
a
100%
a
100%
a
100%
tramp
100%
a
100%
a
100%
tramp
100%
a
100%
tramp
100%
a
100%
a
100%
a
100%
a
100%
tramp
100%
He
100%
a
100%
he
100%
a
100%
tramp
100%
a
100%
a
100%
tramp
100%
a
100%
He's
95.8%
love
95.8%
He's
95.8%
He's
95.8%
he's
95.8%
He's
95.8%
he's
95.8%
He's
95.8%
love
95.8%
he's
95.8%
He's
95.8%
he's
95.8%
he's
95.8%
he's
95.8%
him
91.7%
him
91.7%
him
91.7%
but
87.5%
I
87.5%
but
87.5%
I
87.5%
Lyrics % Correct
I
87.5%
I
87.5%
But
87.5%
I
87.5%
I
87.5%
I
87.5%
I
87.5%
I
87.5%
they
79.2%
day
79.2%
they
79.2%
And
79.2%
And
79.2%
And
79.2%
heart
75%
every
75%
Breaks
70.8%
new
70.8%
it
70.8%
adore
66.7%
that
66.7%
way
66.7%
wish
66.7%
that
66.7%
wish
66.7%
that
66.7%
way
66.7%
Wish
66.7%
that
66.7%
way
66.7%
Wish
66.7%
way
66.7%
travel
62.5%
travel
62.5%
travel
62.5%
dog
58.3%
dog
58.3%
bad
58.3%
his
58.3%
his
58.3%
his
58.3%
only
54.2%
scoundrel
54.2%
got
54.2%
Lyrics % Correct
pretty
54.2%
You
54.2%
you
54.2%
could
54.2%
could
54.2%
could
54.2%
hope
50%
stay
50%
rounder
50%
have
50%
to
50%
If
50%
one
50%
What
45.8%
What
45.8%
he'll
45.8%
cad
45.8%
Yes
45.8%
even
45.8%
never
45.8%
he'll
45.8%
good
45.8%
when
41.7%
show
41.7%
up
41.7%
of
41.7%
trouble
41.7%
double
41.7%
rover
41.7%
there's
41.7%
say
41.7%
can
37.5%
tell
37.5%
plenty
37.5%
nothing
37.5%
more
37.5%
gives
33.3%
just
33.3%
pup
33.3%
were
33.3%
guess
29.2%
no-count
29.2%
Remove Ads.
Support Sporcle.
Get the best of Sporcle when you Go Orange. This ad-free experience offers more features, more stats, and more fun while also helping to support Sporcle. Thank you for becoming a member.

You're not logged in!

Compare scores with friends on all Sporcle quizzes.
OR
Log In

Sporcle TV

Today on Sporcle TV


Watch our educational content, quiz creation guides, and fun videos on Sporcle TV.

Show Comments

Extras

Top Quizzes Today


Score Distribution

Paid Content

Your Account Isn't Verified!

In order to create a playlist on Sporcle, you need to verify the email address you used during registration. Go to your Sporcle Settings to finish the process.

Report this User

Report this user for behavior that violates our Community Guidelines.

Details: